Curso de derecho natural o de filosofía del derecho

Saved in:
Bibliografiske detaljer
Hovedforfatter: Ahrens, Enrique (Author)
Format: Bog
Sprog:spansk
Udgivet: París A. Bouret 1876
Udgivelse:4a. ed
Fag:
Tags: Tilføj Tag
Ingen Tags, Vær først til at tagge denne postø!

MARC

LEADER 00000nam a2200000 a 4500
001 UCS9425
003 CL-VaPUC
008 971113e18760000FR |||||||||||||||||spa|d
082 0 4 |a 340.112  |b AHR  |2 21 
100 0 |a Ahrens, Enrique  |e author  |9 394365 
245 1 0 |a Curso de derecho natural o de filosofía del derecho 
250 |a 4a. ed 
300 |a 652 p 
942 |c BK 
945 |d 19971113 00:00:00  |a aolguin 
260 |a París  |b A. Bouret  |c 1876 
650 0 |a Derecho natural   |9 255041 
650 0 |a Filosofía del derecho   |9 255050 
650 0 |a Historia del derecho  |9 255109 
650 7 |a SISTEMA JURIDICO  |2 CL-VaPUC  |9 394366 
650 0 |a Naturaleza humana   |9 308593 
650 0 |a Derecho constitucional   |9 222588 
650 0 |a Administración del Estado  |9 391238 
650 0 |a Derecho administrativo  |9 254851 
650 0 |a Derecho civil  |9 255013 
583 |a last modification  |c 20161102 10:44:02  |k Rodrigo Vera 
999 |c 263226  |d 263224 
952 |0 0  |1 0  |4 0  |6 340_112000000000000_AHR_1876  |7 0  |8 DER_TF  |9 292410  |a BIBDER  |b BIBDER  |d 2019-11-19  |i 189823K  |l 1  |o 340.112 AHR 1876  |p 189823K  |r 2023-01-25  |s 2020-03-16  |w 2019-11-19  |x Ubicación 4to Piso  |y BK_X  |z Estos recursos deben solicitarse con anticipación  |k DER